000 00472nam a2200181Ia 4500
005 20240823042753.0
008 240823s9999||||xx |||||||||||||| ||und||
041 _aENGLISH
082 _A621.3822 P4
100 _aBalachandran M K
245 0 _aElectric Circuit Theory and Analysis
250 _a1st
260 _c2006
_bVRB Publishers Pv
_aChennai
500 _aTRANSFERED
650 _aElectric Circuit Analysis
_bElectrical
700 _a Rajaji L
942 _cBK
999 _c208644
_d208644